Normal view
MARC view
- Muhammad Abdullah Hanif.
Entry Personal Name
001 - CONTROL NUMBER
- control field: 26616
003 - CONTROL NUMBER IDENTIFIER
- control field: NUST
005 - DATE AND TIME OF LATEST TRANSACTION
- control field: 20191209130608.0
008 - FIXED-LENGTH DATA ELEMENTS
- fixed length control field: 191209|| aca||aabn | a|a d
040 ## - CATALOGING SOURCE
- Original cataloging agency: NUST
- Transcribing agency: NUST
100 ## - HEADING--PERSONAL NAME
- Personal name: Muhammad Abdullah Hanif.
670 ## - SOURCE DATA FOUND
- Source citation: Work cat.: (NUST): Muhammad Abdullah Hanif., Crowd Scene Analysis /, 2016.
